Responses for Show #4381 - Monday, September 29, 2003

Game data retrieved from an alternate archive.

Contestants

[<< previous game]

Doug Jungemann, a satellite operations technician from Rapid City, South Dakota

Leslie Basalla, a newspaper reporter from Cleveland, Ohio

Chuck Champagne, a vice president of finance from Cumberland, Rhode Island (whose 1-day cash winnings total $15,201)

[next game >>]

Jeopardy! Round responses

NURSERY RHYMES
HICKORY, DICKORY OR DOC
THE MOUSE
WREN
"UP THE"
CLOCKED
    $200 12
(Leslie: Who is...)

Georgie Porgie

LeslieDoug
    $200 11
Doc (Rivers)

Doug
    $200 17
whiskers

Doug
    $200 1
sundials

Leslie
    $200 6
up the creek

Chuck
    $200 22
bats

Leslie
    $400 13
Jill

Leslie
    $400 27
Hickory (Farms)

Doug
    $400 18
howl

Chuck
    $400 2
blood

Chuck
    $400 7
up the ante

Doug
    $400 23
(Leslie: What is a typhoon?)
[Originally ruled incorrect; reversed before Double Jeopardy!]

a hurricane

ChuckLeslie
    $600 14
Little Miss Muffet

Doug
    $600 28
Doc (Holliday)

Chuck
    $600 19
thump

Leslie
    $600 3
St. Paul's Cathedral

Chuck
    $600 8
up the water spout

Chuck
    $600 24
Nolan Ryan

Doug
    $800 15
Mary's little lamb

Leslie
    $800 29
hickory

Leslie
    $800 20
the incisors

Chuck
    $800 4
Greenwich

Doug
    $800 9
bring up the rear

Triple Stumper
    $800 25
the 100 meters

Chuck
    $1000 16
St. Ives

Leslie
    $1000 30
Dickory

Triple Stumper
    $1000 21
seeds

Chuck
    $1000 5
Hampton Court

Leslie
    $1000 10
Up the Down Staircase

Chuck
    $1000 26
Mark Spitz

Doug

Scores at the first commercial break (after clue 16):

Chuck Leslie Doug
$2,800 $3,200 $2,200

Scores at the end of the Jeopardy! Round:

Chuck Leslie Doug
$6,800 $5,200 $4,400

Double Jeopardy! Round responses

RUSSIAN GEOGRAPHY
HISTORY ON FILM
LET'S GO LOBSTERING
THIS YEAR'S HEADLINE!
WILLIAMS
FOREIGN LANGUAGES
    $400 16
(Leslie: What is south?)

north

ChuckLeslie
    $400 6
Cuba

Leslie
    $400 26
the sex

Chuck
    $400 21
2000

Leslie
    $400 11
William Holden

Chuck
    $400 1
Chinese

Leslie
    $800 17
the Urals

Chuck
    $800 7
Rasputin

Doug
    $800 27
claws

Leslie
    $800 22
1940

Doug
    $800 12
(Chuck: Who is Clay?)

William Jennings Bryan

Chuck
Triple Stumper
    $800 2
(Leslie: What is crown?)

Korean

Leslie
Triple Stumper
    $1200 18
the Bolsheviks

Chuck
    $1200 8
Lionheart

Triple Stumper
    $1200 28
the kitchen

Triple Stumper
    $1200 23
1976

Chuck
    $1200 13
William Pitt

Doug
    $1200 3
(Leslie: What is Netherlands?)

Dutch

LeslieDoug
    $1600 19
Japan

Leslie
    $1600 9
John Cusack

Chuck
    $1600 29
the pound

Leslie
    $1600 24
(Doug: What is 1985?)

1986

Doug
Triple Stumper
    $1600 14
William Blake

Leslie
    $2,000 4
German

Doug
    $2000 20
Grozny

Triple Stumper
    $2,400 10
Charles I

Chuck
    $2000 30
the carapace

Triple Stumper
    $2000 25
1936

Triple Stumper
    $2000 15
William Lloyd Garrison

Chuck
    $2000 5
Hungarian

Triple Stumper

Scores at the end of the Double Jeopardy! Round:

Chuck Leslie Doug
$16,400 $9,600 $8,800

[wagering suggestions for these scores]

Final Jeopardy! Round responses

AWARDS
DougWhat is the Peabody?
$4,801
LeslieWhat is a Turner?
$6,000
ChuckWhat is the Peabody?
$2,801
the Peabody Award

Final scores:

Chuck Leslie Doug
$19,201 $3,600 $13,601
2-day champion: $34,402 3rd place: $1,000 2nd place: $2,000

Game dynamics:

Coryat scores:

Chuck Leslie Doug
$16,000 $9,600 $8,400
20 R
(including 2 DDs),
1 W
16 R,
4 W
14 R
(including 1 DD),
1 W

Combined Coryat: $34,000

[game clues] [game scores] [suggest correction]

Game tape date: 2003-07-29
The J! Archive is created by fans, for fans. Scraping, republication, monetization, and malicious use prohibited; this site may use cookies and collect identifying information. See terms. The Jeopardy! game show and all elements thereof, including but not limited to copyright and trademark thereto, are the property of Jeopardy Productions, Inc. and are protected under law. This website is not affiliated with, sponsored by, or operated by Jeopardy Productions, Inc. Join the discussion at JBoard.tv.